LIBRARY & INFORMATION CENTRE, KCAET, TAVANUR

ONLINE PUBLIC ACCESS CATALOGUE (OPAC)

Agricultural Mechanics Design, Principles and Practice (Record no. 15631)

MARC details
000 -LEADER
fixed length control field 00432nam a22001577a 4500
003 - CONTROL NUMBER IDENTIFIER
control field OSt
008 - FIXED-LENGTH DATA ELEMENTS--GENERAL INFORMATION
fixed length control field 190522b ||||| |||| 00| 0 eng d
020 ## - INTERNATIONAL STANDARD BOOK NUMBER
ISBN 9781781637739
082 ## - DEWEY DECIMAL CLASSIFICATION NUMBER
Classification number 631.3
Item number LON/AG
245 ## - TITLE STATEMENT
Title Agricultural Mechanics Design, Principles and Practice
260 ## - PUBLICATION, DISTRIBUTION, ETC. (IMPRINT)
Place of publication London, U K
Name of publisher Koros Press Limited
Year of publication 2017
300 ## - PHYSICAL DESCRIPTION
Number of Pages 303 p.
700 ## - ADDED ENTRY--PERSONAL NAME
Personal name Longo, Domenico.
700 ## - ADDED ENTRY--PERSONAL NAME
Personal name Muscato, Giovanni
942 ## - ADDED ENTRY ELEMENTS (KOHA)
Koha item type Books
Holdings
Withdrawn status Lost status Damaged status Collection code Home library Current library Shelving location Date acquired Full call number Accession Number Koha item type
      Non-fiction KAUAET KAUAET General Stacks 22/05/2019 631.3 LON/AG 25870 Books
free website counter